Normal view
MARC view
- Haveland, Barbara
Entry Personal Name
001 - CONTROL NUMBER
- control field: 99167
003 - CONTROL NUMBER IDENTIFIER
- control field: NUST
005 - DATE AND TIME OF LATEST TRANSACTION
- control field: 20221005160816.0
008 - FIXED-LENGTH DATA ELEMENTS
- fixed length control field: 221005|| aca||aabn | a|a d
040 ## - CATALOGING SOURCE
- Original cataloging agency: NUST
- Transcribing agency: NUST
100 ## - HEADING--PERSONAL NAME
- Personal name: Haveland, Barbara
670 ## - SOURCE DATA FOUND
- Source citation: Work cat.: (NUST)0: Jensen, Carsten, 1952- 99165, I have seen the world begin /, [2002]
